Ideología y poder (Registro nro. 25186)

Detalles MARC
000 -LEADER
fixed length control field 00347 a2200109 4500
001 - CONTROL NUMBER
control field ART_16201
005 - DATE AND TIME OF LATEST TRANSACTION
control field 20260410161853.0
008 - FIXED-LENGTH DATA ELEMENTS--GENERAL INFORMATION
fixed length control field 260409a
100 1# - MAIN ENTRY--PERSONAL NAME
Personal name Madariaga, Rodolfo
245 10 - TITLE STATEMENT
Title Ideología y poder
773 0# - HOST ITEM ENTRY
Title Filosofía del derecho
Related parts Cuestiones epistemológica y normativas - Año I, Nº 2 (dic. 2012)
Record control number REV10449

No hay ítems disponibles.